01638nam a22001577a 4500008004100000020001800041050002100059110001300080245004300093250001900136260005000155300003300205505115600238650005101394650003501445141009b2014 M ||||| |||| 00| 0 S d a9786074065787 aKGF404bA44 2014 aMéxico aAgenda Civil Federal 2014c / México a19a. edición aMéxicob : Ediciones Fiscales ISEFc , 2014 a1 V. en varias paginaciones  aCódigo Civil Federal. Código Federal de Procedimientos Civiles. Ley Orgánica del Poder Judicial de la Federación. Ley Federal de Procedimientos Administrativos. Ley Federal del Derecho de Autor. Reglamento de la Ley Federal del Derecho de Autor. Reglamento Interior del Instituto Nacional del Derecho de Autor. Ley Federal de Juegos y Sorteos. Reglamento de la Ley Federal de Juegos y Sorteos. Ley General de Protección Civil. Ley para la Protección de los Derechos de Niñas, Niños y Adolescentes. Ley para la Protección de Personas Defensoras de Derechos Humanos y Periodistas. Ley de los Derechos de las Personas Adultas Mayores. Ley del Instituto Nacional de las Mujeres. Ley Federal para Prevenir y Eliminar la Discriminación. Ley de Premios, Estímulos y Recompensas Civiles. Ley General para la inclusión de las Personas con Discapacidad. Ley Federal de Protección de Datos Personales en Posesión de los Particulares. Reglamento de la Ley Federal de Protección de Datos Personales en Posesión de los Particulares. Ley General de Prestación de Servicios para la Atención, Cuidado y Desarrollo Integral Infantil. 0aDERECHO CIVILxLEYES Y LEGISLACIÓNzMÉXICO 0aPROCEDIMIENTO CIVIL zMÉXICO